[Event "Michigan Class A"]
[Site "Grand Rapids, MI"]
[Date "1999.01.09"]
[Round "3"]
[White "Skidmore, Mike"]
[Black "Turner, Keita"]
[Result "0-1"]
[WhiteElo "1830"]
[BlackElo "1890"]
[PlyCount "62"]
[EventDate "1999.01.09"]

1. e4 c5 2. Nf3 Nc6 3. Bb5 g6 4. O-O Bg7 5. Bxc6 dxc6 6. c3 e5 7. d3 Bg4 8. h3
h5 9. hxg4 hxg4 10. Bg5 Bf6 11. Nxe5 Bxg5 12. Nxg4 Qc7 13. e5 O-O-O 14. f4 Be7
15. Qf3 Qb6 16. Rf2 Nh6 17. Na3 Nf5 18. Nc4 Qc7 19. a4 Rh7 20. g3 Rh3 21. Rg2
Rdh8 22. Nf2 R3h6 23. Ne3 Qb6 24. Nc4 Qd8 25. Kf1 Qd5 26. Ke2 Qd8 27. Qg4 Kb8
28. Rb1 Qd7 29. Qf3 Qd8 30. b4 cxb4 31. cxb4 Nd4+ 0-1

[Event "Michigan Class D/E"]
[Site "Grand Rapids, MI"]
[Date "1999.01.09"]
[Round "3"]
[White "Sinke, Brian"]
[Black "Evans Jr., Thomas"]
[Result "0-1"]
[WhiteElo "1605"]
[BlackElo "1605"]
[PlyCount "58"]
[EventDate "1999.01.09"]

1. e4 e6 2. d3 d5 3. Nd2 c5 4. Ngf3 Nc6 5. g3 Nf6 6. Bg2 Be7 7. O-O O-O 8. Re1
d4 9. e5 Nd7 10. a4 f6 11. exf6 Nxf6 12. Nc4 Bd6 13. Nxd6 Qxd6 14. Bf4 Qd7 15.
Ne5 Nxe5 16. Rxe5 Qe7 17. Qe2 Bd7 18. b3 Bc8 19. Re1 Re8 20. Bh3 Kf7 21. Bg5
Bd7 22. f4 b6 23. f5 Kf8 24. Bg4 Qd6 25. fxe6 Bc6 26. e7+ Rxe7 27. Rxe7 Qd5 28.
Bxf6 Qh1+ 29. Kf2 Qg2# 0-1

[Event "Michigan Class A"]
[Site "Grand Rapids, MI"]
[Date "1999.01.09"]
[Round "2"]
[White "Sellers, Matt"]
[Black "Evans Sr., Thomas"]
[Result "0-1"]
[WhiteElo "1930"]
[BlackElo "1895"]
[PlyCount "89"]
[EventDate "1999.01.09"]

1. d4 d5 2. c4 c6 3. Nf3 Nf6 4. e3 Bf5 5. Nc3 e6 6. Be2 Ne4 7. O-O Bd6 8. Qb3
b6 9. cxd5 exd5 10. Bd2 Bg4 11. Nxe4 dxe4 12. Ne5 Be6 13. Qc2 Bd5 14. Nc4 Bc7
15. Bb4 a5 16. Bd2 O-O 17. f4 exf3 18. Bxf3 Qh4 19. Ne5 Nd7 20. Be1 Qe7 21.
Nxc6 Bxc6 22. Bxc6 Qxe3+ 23. Bf2 Qh6 24. g3 Rac8 25. d5 Ne5 26. Qe4 f5 27. Qe3
Qh3 28. Qe2 Nxc6 29. Qe6+ Kh8 30. dxc6 Qh5 31. Bd4 Rfd8 32. Bc3 f4 33. g4 Qc5+
34. Kh1 Rd6 35. Qe7 Qxc6+ 36. Kg1 Qc5+ 37. Rf2 Rg6 38. Qf7 Rd8 39. Re1 h5 40.
Re8+ Rxe8 41. Qxe8+ Kh7 42. h3 hxg4 43. hxg4 Rxg4+ 44. Kf1 Qc4+ 45. Ke1 0-1

[Event "Michigan Class D/E"]
[Site "Grand Rapids, MI"]
[Date "1999.01.09"]
[Round "3"]
[White "Russell, Scott"]
[Black "Jaskot, Allan"]
[Result "1-0"]
[WhiteElo "1605"]
[BlackElo "1605"]
[PlyCount "81"]
[EventDate "1999.01.09"]

1. d4 Nf6 2. c4 Nc6 3. Nf3 d6 4. d5 Nb8 5. Nc3 Bf5 6. e3 a6 7. Qa4+ Bd7 8. Qc2
c6 9. e4 e6 10. Bg5 Be7 11. e5 dxe5 12. Nxe5 cxd5 13. cxd5 Nxd5 14. Bxe7 Qxe7
15. Be2 Nc6 16. Nxd7 Kxd7 17. O-O-O Ke8 18. Nxd5 exd5 19. Rhe1 Kf8 20. Qc3 Nb4
21. Qa3 Rc8+ 22. Kb1 Re8 23. Qc3 Qd6 24. a3 Nc6 25. Bf3 Rxe1 26. Qxe1 Ne7 27.
Qa5 g6 28. Bxd5 Nxd5 29. Rxd5 Qf6 30. Qc7 b5 31. Rd6 Qf5+ 32. Ka2 Kg7 33. Qc3+
f6 34. f3 Rc8 35. Qd4 a5 36. g4 Qe5 37. Rd7+ Kh6 38. Qd2+ g5 39. h4 Rg8 40.
hxg5+ Qxg5 41. Qh2+ 1-0

[Event "Michigan Class D/E"]
[Site "Grand Rapids, MI"]
[Date "1999.01.09"]
[Round "1"]
[White "Russell, Scott"]
[Black "Crysler, Jerry"]
[Result "0-1"]
[WhiteElo "1605"]
[BlackElo "1605"]
[PlyCount "62"]
[EventDate "1999.01.09"]

1. d4 g6 2. Nf3 Bg7 3. e4 c5 4. d5 d6 5. Bc4 Bg4 6. O-O Nf6 7. Nbd2 O-O 8. Re1
Nbd7 9. Re3 Ne5 10. Qe1 Bxf3 11. gxf3 Bh6 12. Bf1 Nh5 13. Bh3 Nf4 14. Bg4 e6
15. Qf1 Qg5 16. Rb3 b6 17. Nc4 Nxg4 18. fxg4 exd5 19. Nxd6 Qxg4+ 20. Rg3 Ne2+
21. Kg2 Nxg3 22. fxg3 Bxc1 23. Rxc1 dxe4 24. Qe1 Qf3+ 25. Kg1 e3 26. Qc3 Qf2+
27. Kh1 Rad8 28. Qe5 e2 29. Rg1 Rxd6 30. Qxd6 Qf3+ 31. Rg2 e1=Q# 0-1

[Event "Michigan Class D/E"]
[Site "Grand Rapids, MI"]
[Date "1999.01.09"]
[Round "2"]
[White "Roth, Bruce"]
[Black "Friday, Matt"]
[Result "1-0"]
[WhiteElo "1605"]
[BlackElo "1605"]
[PlyCount "79"]
[EventDate "1999.01.09"]

1. e4 c6 2. d4 d5 3. exd5 cxd5 4. c4 Nf6 5. Nc3 Nc6 6. Nf3 Bg4 7. Be3 e6 8. a3
Bd6 9. c5 Bc7 10. h3 Bh5 11. Be2 Bg6 12. O-O O-O 13. Re1 Qd7 14. Rc1 Rfe8 15.
Nh4 Bf5 16. Nxf5 exf5 17. b4 Ne7 18. Bb5 Nc6 19. Qd3 f4 20. Bd2 Rxe1+ 21. Rxe1
Re8 22. f3 Rxe1+ 23. Bxe1 Qe6 24. Bd2 Ne7 25. Qc2 b6 26. Ne2 Nh5 27. Bd3 g6 28.
b5 Nf5 29. Bxf5 gxf5 30. Kf2 Ng3 31. Bxf4 Bxf4 32. Nxf4 Nh1+ 33. Kg1 Qe1+ 34.
Kh2 Qg3+ 35. Kxh1 Qxf4 36. c6 Qc7 37. Qxf5 Kf8 38. Qxd5 Qf4 39. Qc4 Qc7 40. Qd3
1-0

[Event "Michigan Class C"]
[Site "Grand Rapids, MI"]
[Date "1999.01.09"]
[Round "2"]
[White "Reist, Douglas"]
[Black "Foord, Allan"]
[Result "0-1"]
[WhiteElo "1605"]
[BlackElo "1605"]
[PlyCount "110"]
[EventDate "1999.01.09"]

1. e4 c5 2. Nf3 d6 3. d4 cxd4 4. Nxd4 Nf6 5. Nc3 a6 6. f3 e6 7. Be3 Be7 8. Qd2
Bd7 9. O-O-O Qa5 10. Nb3 Qc7 11. g4 h6 12. h4 Nc6 13. Bd3 Ne5 14. Be2 Nc4 15.
Bxc4 Qxc4 16. g5 Ng8 17. f4 Bc6 18. Bd4 f6 19. Rhf1 O-O-O 20. Na5 Qb4 21. Nxc6
bxc6 22. a3 Qa5 23. Qd3 hxg5 24. hxg5 e5 25. Be3 Rh3 26. Qe2 Kb7 27. Bd2 Qc7
28. Be3 Qa5 29. Rd3 Rh7 30. g6 Rh8 31. f5 d5 32. Bd2 Qc7 33. Qe1 dxe4 34. Rxd8
Qxd8 35. Qxe4 Rh2 36. Rd1 Qd4 37. Be3 Qxe4 38. Nxe4 Kc7 39. Nc5 Bxc5 40. Bxc5
Nh6 41. Rf1 Rh5 42. b4 Nxf5 43. a4 Rg5 44. c4 Nd6 45. Bxd6+ Kxd6 46. Kd2 Rxg6
47. b5 cxb5 48. cxb5 axb5 49. axb5 Kc5 50. Ke3 Kxb5 51. Ke4 Kc6 52. Rd1 Rg3 53.
Kf5 Rg5+ 54. Ke4 g6 55. Rd3 Rg4+ 0-1

[Event "Michigan Class C"]
[Site "Grand Rapids, MI"]
[Date "1999.01.09"]
[Round "3"]
[White "Reist, Douglas"]
[Black "Avery, Bill"]
[Result "1-0"]
[WhiteElo "1605"]
[BlackElo "1605"]
[PlyCount "79"]
[EventDate "1999.01.09"]

1. e4 d5 2. exd5 Qxd5 3. Nc3 Qd8 4. Be2 g6 5. Nf3 Bg7 6. d4 Nh6 7. O-O O-O 8.
h3 Nf5 9. Be3 Nxe3 10. fxe3 Nd7 11. Ne4 b6 12. c4 Bb7 13. Ng3 c5 14. Qd2 Qc7
15. Qe1 Rad8 16. Rd1 cxd4 17. Nxd4 a6 18. b3 Be5 19. Ngf5 Nf6 20. Qh4 gxf5 21.
Nxf5 Kh8 22. Bd3 Rg8 23. e4 Rxd3 24. Rxd3 Bxe4 25. Rd2 Qc5+ 26. Kh1 Qc6 27.
Rff2 Bxf5 28. Rxf5 Qe6 29. Rdf2 Bg3 30. Qd4 Bxf2 31. Rxf2 Qd6 32. Qxd6 exd6 33.
Rxf6 Rg6 34. Rxf7 Kg8 35. Rb7 d5 36. cxd5 Rd6 37. a4 h6 38. Kg1 Kf8 39. Kf2
Rxd5 40. Rxb6 1-0

[Event "Michigan Masters/Experts"]
[Site "Grand Rapids, MI"]
[Date "1999.01.09"]
[Round "1.1"]
[White "Rajlich, Vasik"]
[Black "Hankinson, Chris"]
[Result "0-1"]
[WhiteElo "2255"]
[BlackElo "2080"]
[PlyCount "100"]
[EventDate "1999.01.09"]

1. e4 e5 2. Nf3 f5 3. Nxe5 Nc6 4. Nxc6 dxc6 5. Qf3 Qe7 6. d3 fxe4 7. dxe4 Nf6
8. Nc3 Bg4 9. Qe3 Qe5 10. Qf4 Bd6 11. Qxe5+ Bxe5 12. Bd2 O-O-O 13. f3 Be6 14.
O-O-O Rd7 15. Bd3 Rhd8 16. b3 c5 17. f4 Bd4 18. e5 Ng4 19. Ne4 Ne3 20. Bxe3
Bxe3+ 21. Kb1 Bd5 22. Rdf1 Rf7 23. g3 h6 24. Rf3 Bd4 25. Rhf1 Rdf8 26. c4 Bxe4
27. Bxe4 c6 28. Kc2 Re7 29. Bg6 b5 30. Kd3 Rd8 31. Ke4 bxc4 32. bxc4 Rb7 33.
Rb3 Rxb3 34. axb3 a5 35. Kf5 Kd7 36. Bh5 Rf8+ 37. Kg6 Bxe5 38. Bg4+ Kc7 39.
fxe5 Rxf1 40. Kxg7 Rb1 41. e6 Kd6 42. Kf7 Rxb3 43. h4 Rb1 44. Bf5 Rb7+ 45. e7
a4 46. g4 a3 47. Bb1 Rxe7+ 48. Kg6 Rb7 49. Ba2 Rb2 50. Kxh6 Rxa2 0-1

[Event "Michigan Class D/E"]
[Site "Grand Rapids, MI"]
[Date "1999.01.09"]
[Round "2"]
[White "Poniatowski, Don"]
[Black "Councell, Keith"]
[Result "1/2-1/2"]
[WhiteElo "1605"]
[BlackElo "1605"]
[PlyCount "76"]
[EventDate "1999.01.09"]

1. e4 c6 2. d4 d5 3. exd5 cxd5 4. c4 e6 5. Nc3 Nf6 6. Nf3 Nc6 7. c5 a6 8. a3
Bd7 9. Bd3 Ne7 10. O-O b6 11. b4 b5 12. Re1 g6 13. h3 Bg7 14. Bb2 O-O 15. Ne2
Nc6 16. Ng3 a5 17. Bxb5 axb4 18. Bxc6 Bxc6 19. axb4 Qc7 20. Ne5 Bb5 21. Qd2 h6
22. Rxa8 Rxa8 23. Ra1 Rxa1+ 24. Bxa1 Nh7 25. Nf3 Qa7 26. Bc3 Qa4 27. Ne2 Nf6
28. Ng3 Kh7 29. Ne5 Ng8 30. Nxf7 Ne7 31. Ne5 Qb3 32. Kh2 h5 33. Nf3 Bh6 34. Qe1
Bd7 35. Ne5 Be8 36. Nf3 Bd7 37. Ne5 Be8 38. Nf3 Bd7 1/2-1/2

[Event "Michigan Class B"]
[Site "Grand Rapids, MI"]
[Date "1999.01.09"]
[Round "2"]
[White "Pointer, Gilbert"]
[Black "Parker, Harvard"]
[Result "0-1"]
[WhiteElo "1650"]
[BlackElo "1635"]
[PlyCount "102"]
[EventDate "1999.01.09"]

1. c4 f5 2. Nf3 Nf6 3. g3 g6 4. Bg2 Bg7 5. O-O O-O 6. Nc3 d6 7. d3 e5 8. Bg5 c6
9. Qd2 Be6 10. Bh6 Nbd7 11. Bxg7 Kxg7 12. Ng5 Qe7 13. b4 Bg8 14. b5 d5 15. bxc6
bxc6 16. cxd5 cxd5 17. Rab1 Rab8 18. e4 fxe4 19. dxe4 d4 20. Nd5 Nxd5 21. exd5
Nb6 22. Qa5 Kh8 23. h4 h6 24. Nf3 Nc4 25. Qa6 Bxd5 26. Rxb8 Rxb8 27. Qxg6 Bxf3
28. Bxf3 Qf8 29. Be4 Qg7 30. Qc6 Nd2 31. Rc1 Nxe4 32. Qxe4 Qe7 33. Rc6 Qg7 34.
Rg6 Qb7 35. Rxh6+ Kg8 36. Qg4+ Kf8 37. Rh8+ Ke7 38. Qg5+ Kd6 39. Rh6+ Kd5 40.
Qf5 Qb1+ 41. Qxb1 Rxb1+ 42. Kg2 Kc4 43. Rc6+ Kd3 44. Ra6 Ke2 45. h5 d3 46. Rxa7
d2 47. Rd7 Rb4 48. Rd5 Rd4 49. Rxe5+ Kd3 50. Re3+ Kc4 51. h6 d1=Q 0-1

[Event "Michigan Class B"]
[Site "Grand Rapids, MI"]
[Date "1999.01.09"]
[Round "3"]
[White "Pointer, Gilbert"]
[Black "Barta, Roger"]
[Result "1-0"]
[WhiteElo "1650"]
[BlackElo "1715"]
[PlyCount "73"]
[EventDate "1999.01.09"]

1. c4 Nf6 2. Nc3 e6 3. Nf3 d5 4. cxd5 exd5 5. g3 Be7 6. Bg2 O-O 7. O-O c6 8. d3
Nbd7 9. Bf4 Re8 10. e4 dxe4 11. dxe4 Nc5 12. Qc2 Ne6 13. Rad1 Qa5 14. Bd2 Qc7
15. Nh4 Nd4 16. Qb1 Be6 17. Bf4 Qb6 18. Be3 c5 19. Nf3 Red8 20. Ng5 Bc4 21. e5
g6 22. exf6 Bxf6 23. Rfe1 Nf5 24. Nge4 Be7 25. Na4 Qb5 26. Nac3 Qa6 27. Bxc5
Bd3 28. Qc1 Bxe4 29. Bxe7 Bxg2 30. Rxd8+ Rxd8 31. Bxd8 Qc6 32. Ne2 Qf3 33. Qf4
Qc6 34. Qc1 Qf3 35. Nf4 Bh1 36. Bf6 Nd6 37. Re3 1-0

[Event "Michigan Class B"]
[Site "Grand Rapids, MI"]
[Date "1999.01.09"]
[Round "3"]
[White "Parker, Harvard"]
[Black "Anderson, Gale"]
[Result "1-0"]
[WhiteElo "1635"]
[BlackElo "1750"]
[PlyCount "81"]
[EventDate "1999.01.09"]

1. e4 e6 2. d4 d5 3. e5 c5 4. Qg4 Nd7 5. Nf3 cxd4 6. Bd3 Qa5+ 7. Nbd2 Nc5 8.
Qxd4 Nxd3+ 9. Qxd3 Bd7 10. Nd4 Ne7 11. O-O Rc8 12. N2f3 a6 13. Bd2 Qc7 14. b3
g6 15. Rac1 Nc6 16. Nxc6 Bxc6 17. c4 Rd8 18. Qe3 Bg7 19. Bb4 h5 20. Bd6 Qa5 21.
cxd5 Bh6 22. Qc3 Qxd5 23. Rcd1 Qe4 24. Rd4 Qe2 25. Re1 Qb5 26. a4 Qb6 27. Red1
Ra8 28. h3 a5 29. Bc5 Qc7 30. Bd6 Qc8 31. Bc5 Bd5 32. R4d3 Bf4 33. Bd6 f6 34.
Qd4 fxe5 35. Bxe5 Bxe5 36. Qxe5 Kf7 37. Ng5+ Kg8 38. Rc3 Qe8 39. Rc7 Qf8 40.
Rxd5 Re8 41. Rdd7 1-0

[Event "Michigan Class D/E"]
[Site "Grand Rapids, MI"]
[Date "1999.01.09"]
[Round "2"]
[White "Moulter, Art"]
[Black "Mihelich, John"]
[Result "0-1"]
[WhiteElo "1605"]
[BlackElo "1605"]
[PlyCount "90"]
[EventDate "1999.01.09"]

1. d4 d5 2. Nf3 Nc6 3. Bf4 h6 4. e3 Nf6 5. c3 e6 6. Bb5 Bd7 7. Nbd2 a6 8. Bd3
Bd6 9. Bxd6 cxd6 10. Qc2 e5 11. dxe5 dxe5 12. Bf5 e4 13. Bxd7+ Qxd7 14. Nd4 Ne5
15. O-O O-O 16. h3 Rac8 17. f4 Nd3 18. b3 Nh5 19. Kh2 Qd6 20. c4 f5 21. Qd1 Qg6
22. Ne2 d4 23. exd4 Qd6 24. d5 Nhxf4 25. Nxf4 Nxf4 26. Kh1 Rf6 27. Rg1 Rg6 28.
Nf1 Nd3 29. Qe2 Qf4 30. g3 Qe5 31. Rb1 f4 32. g4 f3 33. Qh2 Qd4 34. Qg3 h5 35.
g5 Rf8 36. h4 Rf4 37. Kh2 Rg4 38. Qb8+ Kh7 39. Rxg4 hxg4 40. Qg3 e3 41. Qg1 f2
42. Qg3 e2 43. Qe3 Qxe3 44. Nxe3 e1=Q 45. Rxe1 fxe1=Q 0-1

[Event "Michigan Class B"]
[Site "Grand Rapids, MI"]
[Date "1999.01.09"]
[Round "1"]
[White "Moore, Robert"]
[Black "Walquist, Elaine"]
[Result "1/2-1/2"]
[WhiteElo "1605"]
[BlackElo "1680"]
[PlyCount "72"]
[EventDate "1999.01.09"]

1. e4 c5 2. Nf3 d6 3. d4 cxd4 4. Nxd4 Nf6 5. Nc3 a6 6. Bg5 e5 7. Nb3 h6 8. Bxf6
Qxf6 9. Be2 Be6 10. O-O Nd7 11. Nd5 Qd8 12. Bg4 Bxg4 13. Qxg4 Nf6 14. Nxf6+
Qxf6 15. Rad1 h5 16. Qe2 h4 17. Rd3 g5 18. Qg4 Qf4 19. Qxf4 gxf4 20. h3 Rc8 21.
c3 Ke7 22. Rfd1 Ke6 23. Nd2 b5 24. a3 Be7 25. Nf1 Rhg8 26. Nh2 Rc4 27. f3 Rgc8
28. Ng4 Rh8 29. Kf1 Rc6 30. Nf2 Rc5 31. R3d2 Rc6 32. Nd3 Rd8 33. Nb4 Rb6 34.
Nd5 Rc6 35. Nb4 Rb6 36. Nd5 Rc6 1/2-1/2

[Event "Michigan Class D/E"]
[Site "Grand Rapids, MI"]
[Date "1999.01.09"]
[Round "3"]
[White "Mitchell, Dave"]
[Black "Moulter, Art"]
[Result "1-0"]
[WhiteElo "1605"]
[BlackElo "1605"]
[PlyCount "84"]
[EventDate "1999.01.09"]

1. e4 e5 2. Bc4 Nf6 3. d3 h6 4. Nc3 Bb4 5. f4 d6 6. f5 Nc6 7. Nf3 Bd7 8. O-O
Qe7 9. a3 Bc5+ 10. Kh1 O-O-O 11. b4 Bb6 12. Na4 Nd4 13. Nxb6+ cxb6 14. Nxd4
exd4 15. Bb2 Qe5 16. Bxf7 Rdf8 17. Bg6 Be8 18. Bxe8 Rxe8 19. Rc1 Kb8 20. c3
dxc3 21. Bxc3 Qe7 22. a4 h5 23. h3 h4 24. Bxf6 gxf6 25. Qf3 Reg8 26. Qf4 Qe5
27. Qxe5 dxe5 28. Rf3 Rg3 29. Rxg3 hxg3 30. Kg1 Rh4 31. Rf1 a5 32. b5 Kc7 33.
Rf3 Kd6 34. Rxg3 Kc5 35. Rg6 Kd4 36. Rxf6 Kxd3 37. Rxb6 Rxe4 38. Rxb7 Rxa4 39.
f6 Ra1+ 40. Kf2 Ra2+ 41. Kg3 Ke3 42. Re7 Rf2 1-0

[Event "Michigan Class D/E"]
[Site "Grand Rapids, MI"]
[Date "1999.01.09"]
[Round "2"]
[White "Mitchell, Dave"]
[Black "Besher, Al"]
[Result "0-1"]
[WhiteElo "1605"]
[BlackElo "1605"]
[PlyCount "64"]
[EventDate "1999.01.09"]

1. e4 d6 2. d4 Nf6 3. Nc3 g6 4. f4 Bg7 5. Be2 O-O 6. Nf3 e6 7. O-O a6 8. Qe1
Re8 9. h3 b5 10. a3 Bb7 11. Bd3 c5 12. e5 dxe5 13. dxe5 Nfd7 14. Be4 Nc6 15.
Be3 Rb8 16. Rd1 Bf8 17. h4 Qe7 18. h5 f5 19. exf6 Nxf6 20. hxg6 Nxe4 21. Nxe4
hxg6 22. Bxc5 Qg7 23. Bxf8 Rxf8 24. Nc5 Bc8 25. Nxe6 Bxe6 26. Qxe6+ Rf7 27.
Qxc6 Qxb2 28. Qxg6+ Rg7 29. Qe6+ Kh8 30. Ng5 Qxc2 31. Qe5 Rf8 32. Ne6 Qxg2# 0-1

[Event "Michigan Class D/E"]
[Site "Grand Rapids, MI"]
[Date "1999.01.09"]
[Round "1"]
[White "Miller, Jess"]
[Black "Hanson, Eric"]
[Result "1-0"]
[WhiteElo "1605"]
[BlackElo "1605"]
[PlyCount "93"]
[EventDate "1999.01.09"]

1. d4 Nc6 2. e4 e5 3. d5 Nce7 4. Nf3 Ng6 5. c4 Nf6 6. Nc3 Bc5 7. h3 d6 8. Be2
O-O 9. Bg5 h6 10. Bd2 Ne8 11. Qc2 f5 12. O-O-O Bxf2 13. Bd3 f4 14. Bxf4 Nxf4
15. Qxf2 Qf6 16. Be2 a5 17. Rdf1 c6 18. Qg1 c5 19. Nd2 Nc7 20. Kb1 Na6 21. a3
Nb4 22. g3 Bxh3 23. gxf4 Bxf1 24. Qxf1 Qxf4 25. Qxf4 Rxf4 26. axb4 axb4 27. Nb5
Ra6 28. Rf1 Rh4 29. Nc7 Ra4 30. Ne6 Ra8 31. b3 Rh2 32. Re1 h5 33. Nf3 Rh3 34.
Kb2 h4 35. Ra1 Rxa1 36. Kxa1 Rh1+ 37. Kb2 h3 38. Kc2 h2 39. Nxh2 Rxh2 40. Kd3
Kh7 41. Nd8 Rh3+ 42. Kc2 b6 43. Nb7 Rc3+ 44. Kb2 Re3 45. Bg4 Rxe4 46. Bf5+ Kh6
47. Bxe4 1-0

[Event "Michigan Class D/E"]
[Site "Grand Rapids, MI"]
[Date "1999.01.09"]
[Round "1"]
[White "Mihelich, John"]
[Black "Choate, Eric"]
[Result "1-0"]
[WhiteElo "1605"]
[BlackElo "1605"]
[PlyCount "87"]
[EventDate "1999.01.09"]

1. e4 e5 2. Nf3 d6 3. Bc4 Bg4 4. d3 Be7 5. Nc3 Nc6 6. Be3 Nf6 7. h3 Bh5 8. a3
O-O 9. Qd2 a6 10. g4 Bg6 11. g5 Nh5 12. h4 Qd7 13. d4 exd4 14. Bxd4 Qg4 15. Be2
Bxe4 16. Ne5 Qg2 17. O-O-O Nxd4 18. Qxd4 Nf4 19. Nd3 Bxd3 20. Qxf4 Bxe2 21.
Nxe2 Rfe8 22. Ng3 f6 23. Ne4 fxg5 24. Nxg5 Bxg5 25. hxg5 Rf8 26. Qh4 Rxf2 27.
Qxh7+ Kf8 28. Qh8+ Kf7 29. Qh5+ Ke7 30. Qg6 Rg8 31. Rhe1+ Kd8 32. Re3 Qc6 33.
Rc3 Qe8 34. Qd3 Qf7 35. Kb1 Qf5 36. Qc4 Qf7 37. Qb4 b6 38. Qe4 a5 39. Qb7 Qd7
40. Qb8+ Qc8 41. Rxd6+ Ke7 42. Rxc7+ Kxd6 43. Rxc8+ Kd7 44. Rxg8 1-0

[Event "Michigan Class D/E"]
[Site "Grand Rapids, MI"]
[Date "1999.01.09"]
[Round "3"]
[White "Mihelich, John"]
[Black "Besher, Al"]
[Result "1-0"]
[WhiteElo "1605"]
[BlackElo "1605"]
[PlyCount "91"]
[EventDate "1999.01.09"]

1. e4 e6 2. d4 b6 3. Nf3 Bb7 4. Bd3 c5 5. Nc3 cxd4 6. Nxd4 Bc5 7. Be3 e5 8. Nf5
Bxe3 9. fxe3 Qf6 10. O-O Nh6 11. Nb5 Nxf5 12. Nc7+ Ke7 13. Rxf5 Qh6 14. Qf3 f6
15. Nxa8 Bxa8 16. Bc4 Rc8 17. Bb3 Bb7 18. Rd1 b5 19. a4 g5 20. axb5 g4 21. Qxg4
Qxe3+ 22. Kh1 Bxe4 23. Qg7+ Kd8 24. Qxf6+ Kc7 25. Qxe5+ Kb6 26. Rf6+ Nc6 27.
Qd4+ Qxd4 28. Rxd4 Re8 29. bxc6 Bxc6 30. h3 Re2 31. Rg4 h5 32. Rg5 h4 33. Rh6
a5 34. Rxh4 Re1+ 35. Kh2 Rb1 36. c4 Rxb2 37. c5+ Kc7 38. Ba4 Rb4 39. Rxb4 axb4
40. Bb3 Kd8 41. Rg4 d5 42. cxd6 Kd7 43. Rxb4 Kxd6 44. Rf4 Ke5 45. g3 Bd7 46. h4
1-0

[Event "Michigan Class C"]
[Site "Grand Rapids, MI"]
[Date "1999.01.09"]
[Round "2"]
[White "Mellas, Jim"]
[Black "Jensen, David"]
[Result "1-0"]
[WhiteElo "1605"]
[BlackElo "1605"]
[PlyCount "95"]
[EventDate "1999.01.09"]

1. f4 d5 2. Nf3 Nf6 3. e3 c5 4. c4 Nc6 5. cxd5 Nxd5 6. Bc4 e6 7. O-O Be7 8. d4
cxd4 9. Nxd4 Nxd4 10. Qxd4 Bf6 11. Qe4 Ne7 12. Bb5+ Bd7 13. Qxb7 Bxb5 14. Qxb5+
Kf8 15. Na3 g6 16. Qe2 Rb8 17. Rd1 Qb6 18. Nc4 Qb5 19. a4 Qa6 20. e4 Nc6 21. e5
Be7 22. f5 Bc5+ 23. Kh1 Nd4 24. Bh6+ Kg8 25. Qd3 Qc8 26. f6 Nf5 27. Bf4 h5 28.
Rac1 Qa6 29. Qd7 Qb7 30. Qxb7 Rxb7 31. Na5 Rc7 32. b4 Bb6 33. Rxc7 Bxc7 34. Nc6
Bb6 35. a5 Bf2 36. Rd2 Be3 37. Rd8+ Kh7 38. Rxh8+ Kxh8 39. Bxe3 Nxe3 40. Nxa7
Nc4 41. Nb5 Kg8 42. a6 Kf8 43. Nd6 Nb6 44. a7 Kg8 45. Nc8 Na8 46. b5 Kf8 47. b6
Ke8 48. b7 1-0

[Event "Michigan Beginners"]
[Site "Grand Rapids, MI"]
[Date "1999.01.09"]
[Round "2"]
[White "McMillan, Timothy"]
[Black "Hetmanski, Josh"]
[Result "1-0"]
[WhiteElo "1605"]
[BlackElo "1605"]
[PlyCount "43"]
[EventDate "1999.01.09"]

1. Nf3 Nf6 2. d4 e6 3. b3 Bb4+ 4. c3 Ba5 5. b4 Bb6 6. e3 Ne4 7. Bd3 Ng5 8. e4
Nxf3+ 9. Qxf3 O-O 10. Bf4 a6 11. Qg3 g6 12. h4 Re8 13. Bh6 Qf6 14. e5 Qe7 15.
Nd2 a5 16. Ne4 Na6 17. Nf6+ Kh8 18. Bg5 axb4 19. Nxh7 Kxh7 20. Bxe7 Rxe7 21. h5
bxc3 22. hxg6+ 1-0

[Event "Michigan Class D/E"]
[Site "Grand Rapids, MI"]
[Date "1999.01.09"]
[Round "3"]
[White "McCrandell, James"]
[Black "Poniatowski, Don"]
[Result "0-1"]
[WhiteElo "1605"]
[BlackElo "1605"]
[PlyCount "120"]
[EventDate "1999.01.09"]

1. e4 Nf6 2. Nc3 d5 3. exd5 Nxd5 4. Nge2 e5 5. Nxd5 Qxd5 6. Nc3 Qd8 7. Qe2 Nc6
8. d3 a6 9. g3 Bd6 10. Bg2 Nd4 11. Qd1 Be6 12. Bxb7 Ra7 13. Bg2 Qd7 14. a3 Bg4
15. f3 Bh3 16. Qd2 Bxg2 17. Qxg2 Qc6 18. Rf1 Rb7 19. Kd1 O-O 20. Qh1 Rfb8 21.
Ra2 Be7 22. f4 Qxh1 23. Rxh1 exf4 24. gxf4 f5 25. a4 c6 26. Ne2 Nxe2 27. Kxe2
Bf6 28. c3 Re7+ 29. Kd1 Bh4 30. Bd2 Rbe8 31. Ra3 Re2 32. Rb3 Rg2 33. c4 Ree2
34. Bc3 Rxh2 35. Rxh2 Rxh2 36. Rb6 Bg3 37. Rxc6 Bxf4 38. Rxa6 Be3 39. Rc6 f4
40. Re6 g5 41. d4 g4 42. Be1 Bxd4 43. b4 g3 44. Bxg3 fxg3 45. Re2 Rxe2 46. Kxe2
g2 47. c5 g1=Q 48. Kd3 Bxc5 49. bxc5 Qxc5 50. a5 Qxa5 51. Kd4 h5 52. Ke3 h4 53.
Kf3 Qg5 54. Ke4 h3 55. Kf3 h2 56. Ke4 h1=Q+ 57. Kd3 Qf3+ 58. Kd4 Qff4+ 59. Kd3
Qgg3+ 60. Ke2 Qff2+ 0-1

[Event "Michigan Class D/E"]
[Site "Grand Rapids, MI"]
[Date "1999.01.09"]
[Round "2"]
[White "McCrandell, James"]
[Black "Hanson, Eric"]
[Result "1-0"]
[WhiteElo "1605"]
[BlackElo "1605"]
[PlyCount "103"]
[EventDate "1999.01.09"]

1. e4 Nc6 2. Bc4 Nf6 3. d3 e6 4. Nf3 d5 5. exd5 Nxd5 6. Bb5 a6 7. Ba4 b5 8. Bb3
Bd6 9. Qe2 O-O 10. O-O Na5 11. Qe4 Bb7 12. Qe1 Nf6 13. Qxa5 Bxf3 14. gxf3 Nh5
15. Re1 Qh4 16. Nc3 Qxh2+ 17. Kf1 Qh1+ 18. Ke2 Qg2 19. Ne4 Be5 20. Be3 Nf6 21.
Nxf6+ Bxf6 22. Rh1 Qg6 23. c3 c6 24. Bc2 Rfd8 25. Rac1 Qf5 26. d4 Qd5 27. Bxh7+
Kf8 28. Be4 Qc4+ 29. Bd3 Qd5 30. Qa3+ Qd6 31. Rh8+ Ke7 32. Qxd6+ Kxd6 33. Rxd8+
Rxd8 34. Rg1 e5 35. dxe5+ Bxe5 36. Be4 Rc8 37. Bf5 Rc7 38. Rd1+ Ke7 39. Bc5+
Kf6 40. Bg4 g5 41. Bd6 Bxd6 42. Rxd6+ Ke7 43. Rh6 c5 44. Rxa6 Kf8 45. Bf5 Re7+
46. Kd2 Re5 47. Bg4 b4 48. cxb4 cxb4 49. Rb6 f5 50. Rf6+ Ke7 51. Rxf5 Rxf5 52.
Bxf5 1-0

[Event "Michigan Class B"]
[Site "Grand Rapids, MI"]
[Date "1999.01.09"]
[Round "3"]
[White "McCarter, Robert"]
[Black "Blaine, Roger"]
[Result "0-1"]
[WhiteElo "1605"]
[BlackElo "1720"]
[PlyCount "122"]
[EventDate "1999.01.09"]

1. d4 e6 2. Nf3 f5 3. Bf4 Nf6 4. e3 b6 5. c4 Bb4+ 6. Nc3 Ne4 7. Qc2 Bb7 8. a3
Bxc3+ 9. bxc3 O-O 10. Bd3 d6 11. h4 Nd7 12. Rh2 Qe8 13. Bxe4 Bxe4 14. Qe2 e5
15. dxe5 dxe5 16. Bg5 Nc5 17. h5 Bd3 18. Qa2 e4 19. Nd4 Qa4 20. Be7 Bxc4 21.
Qc2 Nd3+ 22. Kd2 Qxc2+ 23. Kxc2 Rf7 24. Bh4 c5 25. Nb3 Rd7 26. Nd2 Bf7 27. Bg3
Rad8 28. Rd1 Bd5 29. Rhh1 Bc6 30. Bh4 Ba4+ 31. Kb1 Bxd1 32. Rxd1 Rf8 33. Kc2
Ne5 34. Bg3 Ng4 35. Re1 Rfd8 36. Re2 Nf6 37. Bh4 Rxd2+ 38. Rxd2 Rxd2+ 39. Kxd2
Nxh5 40. Bd8 c4 41. a4 Kf7 42. Bc7 Nf6 43. Bb8 a6 44. f3 g5 45. Bc7 b5 46. axb5
axb5 47. Bd8 exf3 48. gxf3 g4 49. Ke2 h5 50. Bc7 h4 51. fxg4 fxg4 52. Bd8 g3
53. Kf3 Ke6 54. Bc7 Kf5 55. Bd8 b4 56. cxb4 c3 57. b5 c2 58. b6 c1=Q 59. e4+
Nxe4 60. b7 Qc3+ 61. Kg2 Qd2+ 0-1

[Event "Michigan Class C"]
[Site "Grand Rapids, MI"]
[Date "1999.01.09"]
[Round "2"]
[White "Mathews, Jeff"]
[Black "Mellas, Jim"]
[Result "1/2-1/2"]
[WhiteElo "1605"]
[BlackElo "1605"]
[PlyCount "62"]
[EventDate "1999.01.09"]

1. e4 e5 2. Nf3 Nc6 3. Bb5 a6 4. Ba4 b5 5. Bb3 Nf6 6. O-O Be7 7. Re1 d6 8. c3
O-O 9. h3 Na5 10. Bc2 Bb7 11. d4 exd4 12. cxd4 Re8 13. Nbd2 h6 14. Nf1 Nc4 15.
b3 Nb6 16. Ng3 Bc8 17. Bb2 Bf8 18. Qd3 g6 19. Rad1 Bg7 20. Bc1 Bd7 21. e5 Nfd5
22. h4 Nb4 23. Qe2 Nxc2 24. Qxc2 Bg4 25. Rd3 Nd5 26. a3 Bxf3 27. Rxf3 Qxh4 28.
Re4 Qd8 29. Qc6 Ne7 30. Qc2 dxe5 31. dxe5 Qd5 {[Remainder illegible]} 1/2-1/2